000
00222 a2200097 4500
001
10897
100
_a
Lundin, r.
245
_a
Personality A Behavioral Analysis
260
_a
_b
Collier Macmillan
_c
090
_c
8470
_d
8470
942
_a
NUST-CAE
_c
M
_c
35234
999
_c
245970
_d
245970